书目信息 |
| 题名: |
暗室百科
|
|
| 作者: | 宋勇 , 金涌湖 译 | |
| 分册: | ||
| 出版信息: | 北京 中国摄影出版社 1985.10 |
|
| 页数: | 436页 | |
| 开本: | 20cm | |
| 丛书名: | ||
| 单 册: | ||
| 中图分类: | TB88 | |
| 科图分类: | ||
| 主题词: | 摄影--洗印--技术 | |
| 电子资源: | ||
| ISBN: | ||
| 000 | 00562nam0 2200205 45 | |
| 001 | 0312221749 | |
| 005 | 20031222170909.6 | |
| 010 | @dCNY2.50 | |
| 100 | @a20031222d1985 km y0chiy0120 ea | |
| 101 | @achi | |
| 105 | @a z 000yy | |
| 200 | 1 | @a暗室百科@AAn Shi Bai Ke@f宋勇,金涌湖译@FSong Yong,Jin Yong Hu Yi |
| 210 | @a北京@c中国摄影出版社@d1985.10 | |
| 215 | @a436页@c单页插@d20cm | |
| 606 | 0 | @a摄影@x洗印@x技术 |
| 690 | @aTB88@v3 | |
| 701 | 0 | @a宋勇@4译 |
| 701 | 0 | @a金涌湖@4译 |
| 801 | @aCN@bTSTCL@c20031222 | |
| 905 | @a213230@dTB88@e102@b148380-383@f4 | |
| 暗室百科/宋勇,金涌湖译.-北京:中国摄影出版社,1985.10 |
| 436页:单页插;20cm |
| ISBN :CNY2.50 |
| ● |
| 相关链接 |
|
|
|
|
正题名:暗室百科
索取号:TB88/102
 
预约/预借
| 序号 | 登录号 | 条形码 | 馆藏地/架位号 | 状态 | 备注 |
| 1 | 0148380 | 001360949 | 密集书库/ [索取号:TB88/102] | 在馆 | |
| 2 | 0148381 | 001360903 | 密集书库/ [索取号:TB88/102] | 在馆 | |
| 3 | 0148382 | 001361029 | 第三借阅区/ [索取号:TB88/102] | 在馆 | |
| 4 | 0148383 | 001360985 | 第三借阅区/ [索取号:TB88/102] | 在馆 |